000 00643cam a22001815a 4500
001 L157549
008 130115e19521009xxk f 000 0 eng d
035 _a(Sirsi) u157549
041 0 _aeng
110 2 _aRoyal Institution of Chartered Surveyors
_94900
245 0 0 _aFinal report of the Land Surveyors' (Examinations) Sub-Committee, on the revision of the syllabus for sub-division V (land survey)
260 _aLondon
_bRICS
_c1952
300 _a30 p.
_c22 cm.
520 _aSets out the revisions to the syllabus of the Land Surveyors' examination.
651 4 _aGreat Britain
_y1707-
690 _aBusiness and management
942 _n0
999 _c114831
_d114831